<?xml version="1.0" encoding="UTF-8"?>
<record
    xmlns:xsi="http://www.w3.org/2001/XMLSchema-instance"
    xsi:schemaLocation="http://www.loc.gov/MARC21/slim http://www.loc.gov/standards/marcxml/schema/MARC21slim.xsd"
    xmlns="http://www.loc.gov/MARC21/slim">

  <leader>01167nam a2200265I  4500</leader>
  <controlfield tag="001">encyclopediaofco016newy</controlfield>
  <controlfield tag="003">CaSfIA</controlfield>
  <controlfield tag="005">20210118004436.0</controlfield>
  <controlfield tag="007">cr||||</controlfield>
  <controlfield tag="008">780516s1971    nyu           000 0 eng d</controlfield>
  <datafield tag="040" ind1=" " ind2=" ">
    <subfield code="a">APL</subfield>
    <subfield code="c">APL</subfield>
    <subfield code="d">CaSfIA</subfield>
  </datafield>
  <datafield tag="035" ind1=" " ind2=" ">
    <subfield code="a">(OCoLC)3901158</subfield>
  </datafield>
  <datafield tag="050" ind1=" " ind2="4">
    <subfield code="a">TX349</subfield>
    <subfield code="b">.B44</subfield>
  </datafield>
  <datafield tag="082" ind1="0" ind2="4">
    <subfield code="a">641.503</subfield>
    <subfield code="b">B466e</subfield>
  </datafield>
  <datafield tag="130" ind1="0" ind2=" ">
    <subfield code="a">Better homes and gardens.</subfield>
  </datafield>
  <datafield tag="245" ind1="1" ind2="0">
    <subfield code="a">Encyclopedia of cooking.</subfield>
    <subfield code="h">[electronic resource] </subfield>
  </datafield>
  <datafield tag="260" ind1=" " ind2=" ">
    <subfield code="a">New York,</subfield>
    <subfield code="b">Meredith Corp.,</subfield>
    <subfield code="c">c1971.</subfield>
  </datafield>
  <datafield tag="300" ind1=" " ind2=" ">
    <subfield code="a">18 v.</subfield>
    <subfield code="b">illus. (part col.)</subfield>
  </datafield>
  <datafield tag="500" ind1=" " ind2=" ">
    <subfield code="a">Vol. 18 contains index.</subfield>
  </datafield>
  <datafield tag="856" ind1="4" ind2="1">
    <subfield code="u">http://www.archive.org/details/encyclopediaofco016newy</subfield>
    <subfield code="z">Free eBook from the Internet Archive</subfield>
    <subfield code="3">Volume 16</subfield>
  </datafield>
  <datafield tag="856" ind1="4" ind2="2">
    <subfield code="u">http://www.openlibrary.org/books/OL24206173M</subfield>
    <subfield code="z">Additional information and access via Open Library</subfield>
    <subfield code="3">Volume 16</subfield>
  </datafield>
  <datafield tag="942" ind1=" " ind2=" ">
    <subfield code="c">EB</subfield>
  </datafield>
  <datafield tag="506" ind1=" " ind2=" ">
    <subfield code="f">&#x41D;&#x435;&#x43E;&#x431;&#x445;&#x456;&#x434;&#x43D;&#x430; &#x430;&#x432;&#x442;&#x43E;&#x440;&#x438;&#x437;&#x430;&#x446;&#x456;&#x44F; &#x43D;&#x430; https://archive.org/ (&#x441;&#x442;&#x432;&#x43E;&#x440;&#x435;&#x43D;&#x43D;&#x44F; &#x43E;&#x431;&#x43B;&#x456;&#x43A;&#x43E;&#x432;&#x43E;&#x433;&#x43E; &#x437;&#x430;&#x43F;&#x438;&#x441;&#x443; &#x431;&#x435;&#x437;&#x43A;&#x43E;&#x448;&#x442;&#x43E;&#x432;&#x43D;&#x43E;)</subfield>
  </datafield>
  <datafield tag="506" ind1=" " ind2=" ">
    <subfield code="f">&#x41D;&#x435;&#x43E;&#x431;&#x445;&#x456;&#x434;&#x43D;&#x430; &#x430;&#x432;&#x442;&#x43E;&#x440;&#x438;&#x437;&#x430;&#x446;&#x456;&#x44F; &#x43D;&#x430; https://openlibrary.org/ (&#x441;&#x442;&#x432;&#x43E;&#x440;&#x435;&#x43D;&#x43D;&#x44F; &#x43E;&#x431;&#x43B;&#x456;&#x43A;&#x43E;&#x432;&#x43E;&#x433;&#x43E; &#x437;&#x430;&#x43F;&#x438;&#x441;&#x443; &#x431;&#x435;&#x437;&#x43A;&#x43E;&#x448;&#x442;&#x43E;&#x432;&#x43D;&#x43E;)</subfield>
  </datafield>
  <datafield tag="999" ind1=" " ind2=" ">
    <subfield code="c">492751</subfield>
    <subfield code="d">492751</subfield>
  </datafield>
</record>
